[Event "CRO-chT3A Center"]
[Site "Zagreb"]
[Date "2010.04.25"]
[Round "5.25"]
[White "Krizanovic, Ante"]
[Black "Nagl, Mladen"]
[Result "0-1"]
[WhiteElo "1956"]
[BlackElo "2107"]
[PlyCount "74"]
[EventDate "2010.03.21"]
[EventType "team-tourn"]
[EventRounds "11"]
[EventCountry "CRO"]
[SourceTitle "EXT 2012"]
[Source "ChessBase"]
[SourceDate "2011.11.24"]
[SourceVersion "1"]
[SourceVersionDate "2011.11.24"]
[SourceQuality "1"]

1. c4 f5 2. d4 Nf6 3. Nc3 g6 4. g3 Bg7 5. Bg2 0-0 6. e3 d6 7. Nge2 c6 8. 0-0 Qe8 9. d5 h6 10. Rb1 g5 11. b3 Na6 12. Bb2 Rb8 13. Nd4 Bd7 14. Qd2 Nc5 15. b4 Nce4 16. Nxe4 fxe4 17. dxc6 bxc6 18. Nc2 Qg6 19. a3 Bg4 20. Nd4 Bd7 21. c5 Ng4 22. Qc2 d5 23. h3 Ne5 24. Ne2 Qh5 25. Bxe5 Bxe5 26. g4 Bxg4 27. Ng3 Bxg3 28. fxg3 Bxh3 29. b5 Rxf1+ 30. Rxf1 Bxg2 31. Kxg2 Rxb5 32. Rf5 Qg6 33. g4 Qg7 34. Qa4 a5 35. Kg3 Qc3 36. Qd4 Qxd4 37. exd4 Rb3+ 0-1

[Event "CRO-chT3"]
[Site "Zagreb"]
[Date "2009.03.08"]
[Round "1"]
[White "Nagl, Mladen"]
[Black "Ivekovic, Benjamin"]
[Result "0-1"]
[WhiteElo "2090"]
[BlackElo "2033"]
[PlyCount "64"]
[EventDate "2009.03.08"]
[EventType "team-tourn"]
[EventRounds "9"]
[EventCountry "CRO"]
[SourceTitle "EXT 2011"]
[Source "ChessBase"]
[SourceDate "2010.11.26"]
[SourceVersion "1"]
[SourceVersionDate "2010.11.26"]
[SourceQuality "1"]

1. e4 c6 2. d4 d5 3. Nc3 dxe4 4. Nxe4 Bf5 5. Ng3 Bg6 6. Nf3 e6 7. Bc4 Nd7 8. Qe2 Qc7 9. Bb3 Ngf6 10. c4 Be7 11. Bd2 0-0 12. 0-0 Rfe8 13. Nh4 e5 14. Nxg6 hxg6 15. d5 Nc5 16. dxc6 Nxb3 17. cxb7 Nd4 18. Qd1 Rab8 19. b3 Rxb7 20. Bg5 Bb4 21. h4 Qc6 22. a3 Bc3 23. Rb1 Ne4 24. Nxe4 Qxe4 25. c5 Rd7 26. Kh2 f6 27. f3 Qe2 28. Qxe2 Nxe2 29. Be3 Rd3 30. Bf2 Bd4 31. b4 Rxa3 32. c6 a6 0-1